2012 MLB Playoff Lineups - Statistics

General Stats
  • This quiz has been taken 43 times
  • The average score is 60 of 132
Answer Stats
Hint Hint Answer % Correct
New York Yankees 3B Alex Rodriguez
100%
New York Yankees SS Derek Jeter
94%
Baltimore Orioles CF Adam Jones
89%
Atlanta Braves 3B Chipper Jones
89%
Detroit Tigers 3B Miguel Cabrera
89%
San Francisco Giants C Buster Posey
83%
Detroit Tigers SP Justin Verlander
83%
San Francisco Giants SS Brandon Crawford
78%
Texas Rangers LF Josh Hamilton
78%
San Francisco Giants SP Madison Bumgarner
78%
Detroit Tigers SP Max Scherzer
78%
St. Louis Cardinals SP Adam Wainwright
72%
San Francisco Giants 1B Brandon Belt
72%
St. Louis Cardinals SP Chris Carpenter
72%
Atlanta Braves 1B Freddie Freeman
72%
San Francisco Giants RF Hunter Pence
72%
New York Yankees MGR Joe Girardi
72%
Cincinnati Reds 1B Joey Votto
72%
San Francisco Giants 3B Pablo Sandoval
72%
New York Yankees 2B Robinson Cano
72%
New York Yankees C Russell Martin
72%
San Francisco Giants SP Tim Lincecum
72%
St. Louis Cardinals C Yadier Molina
72%
Detroit Tigers SP Anibal Sanchez
67%
Detroit Tigers CF Austin Jackson
67%
San Francisco Giants SP Barry Zito
67%
San Francisco Giants MGR Bruce Bochy
67%
New York Yankees SP C.C. Sabathia
67%
Washington Nationals SP Edwin Jackson
67%
New York Yankees 1B Mark Teixeira
67%
Baltimore Orioles C Matt Wieters
67%
Detroit Tigers 1B Prince Fielder
67%
Washington Nationals CF Bryce Harper
61%
Baltimore Orioles RF Chris Davis
61%
New York Yankees CF Curtis Granderson
61%
Washington Nationals MGR Davey Johnson
61%
Atlanta Braves MGR Fredi Gonzalez
61%
Washington Nationals SP Gio Gonzalez
61%
Washington Nationals RF Jayson Werth
61%
Baltimore Orioles SS J.J. Hardy
61%
Washington Nationals SP Jordan Zimmermann
61%
San Francisco Giants SP Matt Cain
61%
Baltimore Orioles SP Miguel Gonzalez
61%
Washington Nationals 3B Ryan Zimmerman
61%
Texas Rangers 3B Adrian Beltre
56%
Detroit Tigers C Alex Avila
56%
Cincinnati Reds 2B Brandon Phillips
56%
St. Louis Cardinals 3B David Freese
56%
Texas Rangers SS Elvis Andrus
56%
Baltimore Orioles 3B Manny Machado
56%
San Francisco Giants 2B Marco Scutaro
56%
St. Louis Cardinals MGR Mike Matheny
56%
Texas Rangers RF Nelson Cruz
56%
Washington Nationals 1B Adam LaRoche
50%
St. Louis Cardinals 1B Allen Craig
50%
San Francisco Giants CF Angel Pagan
50%
Oakland Athletics MGR Bob Melvin
50%
Detroit Tigers SP Doug Fister
50%
New York Yankees LF Ichiro Suzuki
50%
Detroit Tigers SS Jhonny Peralta
50%
Detroit Tigers MGR Jim Leyland
50%
St. Louis Cardinals CF Jon Jay
50%
Oakland Athletics 3B Josh Donaldson
50%
New York Yankees SP Andy Pettitte
44%
Washington Nationals 2B Danny Espinosa
44%
Detroit Tigers DH Delmon Young
44%
Cincinnati Reds MGR Dusty Baker
44%
San Francisco Giants LF Gregor Blanco
44%
Texas Rangers 2B Ian Kinsler
44%
Cincinnati Reds RF Jay Bruce
44%
St. Louis Cardinals LF Matt Holliday
44%
Texas Rangers 1B Michael Young
44%
New York Yankees DH Raul Ibañez
44%
Oakland Athletics DH Seth Smith
44%
Cincinnati Reds SS Zack Cozart
44%
Atlanta Braves SS Andrelton Simmons
39%
Detroit Tigers RF Avisail Garcia
39%
Baltimore Orioles MGR Buck Showalter
39%
Oakland Athletics CF Coco Crisp
39%
Atlanta Braves 2B Dan Uggla
39%
Washington Nationals SS Ian Desmond
39%
St. Louis Cardinals SP Jaime Garcia
39%
Cincinnati Reds SP Johnny Cueto
39%
Oakland Athletics RF Josh Reddick
39%
St. Louis Cardinals SP Lance Lynn
39%
Texas Rangers MGR Ron Washington
39%
Cincinnati Reds 3B Scott Rolen
39%
St. Louis Cardinals RF Carlos Beltran
33%
Oakland Athletics C Derek Norris
33%
Atlanta Braves RF Jason Heyward
33%
Washington Nationals C Kurt Suzuki
33%
Texas Rangers DH Mike Napoli
33%
New York Yankees RF Nick Swisher
33%
Detroit Tigers 2B Omar Infante
33%
San Francisco Giants SP Ryan Vogelsong
33%
Oakland Athletics LF Yoenis Cespedes
33%
Texas Rangers SP Yu Darvish
33%
Oakland Athletics 1B Brandon Moss
28%
Cincinnati Reds SP Bronson Arroyo
28%
Cincinnati Reds SP Homer Bailey
28%
Atlanta Braves LF Martin Prado
28%
Cincinnati Reds SP Mat Latos
28%
Washington Nationals LF Mike Morse
28%
St. Louis Cardinals SS Pete Kozma
28%
St. Louis Cardinals SP Kyle Lohse
22%
Cincinnati Reds C Ryan Hanigan
22%
Baltimore Orioles SP Wei-Yin Chen
22%
St. Louis Cardinals 2B Daniel Descalso
17%
Atlanta Braves C David Ross
17%
Cincinnati Reds CF Drew Stubbs
17%
Oakland Athletics SP Jarrod Parker
17%
Atlanta Braves CF Michael Bourn
17%
Baltimore Orioles LF Nate McLouth
17%
Washington Nationals SP Ross Detwiler
17%
Cincinnati Reds LF Ryan Ludwick
17%
Detroit Tigers LF Andy Dirks
11%
Oakland Athletics SP Brett Anderson
11%
Oakland Athletics 2B Cliff Pennington
11%
Texas Rangers C Geovany Soto
11%
New York Yankees SP Hiroki Kuroda
11%
Baltimore Orioles SP Jason Hammel
11%
Baltimore Orioles 1B Mark Reynolds
11%
New York Yankees SP Phil Hughes
11%
Oakland Athletics SP A.J. Griffin
6%
Texas Rangers CF Craig Gentry
6%
Baltimore Orioles DH Jim Thome
6%
Baltimore Orioles SP Joe Saunders
6%
Atlanta Braves SP Kris Medlen
6%
Baltimore Orioles 2B Robert Andino
6%
Oakland Athletics SS Stephen Drew
6%
Oakland Athletics SP Tommy Milone
6%
Cincinnati Reds SP Mike Leake
0%
No matching quizzes found
Score Distribution
Percent of People with Each Score
Percentile by Number Answered
Your Score History
You have not taken this quiz